000 00476nam a2200181 a 4500
001 00152
003 CO-ViMGA
008 141112s2004 ck r 000 u spa d
040 _aCO-ViMGA
_bspa
_cCO-ViMGA
082 0 4 _a616.8915
_bM458p
100 1 _aMinuchin, Salvador
_912445
245 1 0 _aFamilias y terapia familiar
260 _aBarcelona :
_bGedisa,
_c1997
300 _a249 p
490 _aTerapia familiar
650 1 4 _aPSICOTERAPIA FAMILIAR
_912446
942 _2ddc
_cBK
999 _c15803
_d15803